Great Goergian houses of America

Guardado en:
Detalles Bibliográficos
Formato: Libro
Lenguaje:inglés
Publicado: Nueva York Dover Publications 1970
Colección:Dover Books on Architecture
Materias:
Etiquetas: Agregar Etiqueta
Sin Etiquetas, Sea el primero en etiquetar este registro!

MARC

LEADER 00000nam a2200000 a 4500
001 UCU9518
003 CL-VaPUC
008 960823e19700000US |||||||||||||||||eng|d
082 0 4 |a 728.8  |b GRE  |2 21 
245 1 0 |a Great Goergian houses of America 
300 |a 2 v 
942 |c BK 
945 |d 19960823 00:00:00  |a rleighto 
260 |a Nueva York  |b Dover Publications  |c 1970 
650 0 |a Casas   |9 348018 
650 0 |a Viviendas   |9 255326 
650 0 |a Arquitectura  |9 804558 
650 0 |a Diseño arquitectónico   |9 265271 
651 7 |a GEORGIA  |2 CL-VaPUC  |9 368707 
651 0 |a Estados Unidos  |9 255178 
583 |a last modification  |c 19960823 00:00:00  |k Rodrigo Vera 
490 0 |a Dover Books on Architecture 
999 |c 251244  |d 251242 
952 |0 0  |1 0  |4 0  |6 728_800000000000000_GRE_1970  |7 0  |8 P  |9 270270  |a BIBARQ  |b BIBARQ  |d 2019-11-19  |h v.1  |i 3223558  |o 728.8 GRE 1970  |p 3223558  |r 2025-01-20  |w 2019-11-19  |y BK  |k ARQ 
952 |0 0  |1 0  |4 0  |6 728_800000000000000_GRE_1970  |7 0  |8 P  |9 270271  |a BIBARQ  |b BIBARQ  |d 2019-11-19  |h v.2  |i 3223566  |o 728.8 GRE 1970  |p 3223566  |r 2025-01-20  |w 2019-11-19  |y BK  |k ARQ